Vista normal Vista MARC

Entrada Topical Term

Número de registros utilizados en: 1

001 - CONTROL NUMBER

  • control field: 2435

003 - CONTROL NUMBER IDENTIFIER

  • control field: OSt

005 - DATE AND TIME OF LATEST TRANSACTION

  • control field: 20200402125015.0

008 - FIXED-LENGTH DATA ELEMENTS

  • fixed length control field: 200402|| aca||aabn | a|a d

040 ## - CATALOGING SOURCE

  • Original cataloging agency: OSt
  • Transcribing agency: OSt

150 ## - HEADING--TOPICAL TERM

  • Topical term or geographic name entry element: Cuentos

670 ## - SOURCE DATA FOUND

  • Source citation: Work cat.: (OSt)3747: Collodi, Carlo, 1826-1890 autor 2434, Las aventuras de pinocho : , ©2012